Inzerát

Bibliographic Details
Main Authors: Charles, Ray, 1930-2004 (Composer), Laifer, Jaroslav, 1930-1970 (Composer, Conductor)
Corporate Authors: Tanečný orchester Československého rozhlasu (Performer), Tanečný orchester J. Laifera (Performer)
Other Authors: Laiferová, Marcela, 1945- (Singer), Brož, Miroslav, 1922-1991 (Conductor), Hlubocký, Branislav (Lyricist), Lánik, Miloš, 1931-1986 (Lyricist)
Format: CD Audio
Language:Slovak
PhysicalDescription:1 gramofónová platňa 18 cm
Published: [ Praha] Supraphon [1965]
Subjects:

MARC

LEADER 00000njm a2200000 4500
001 vtls012014324
003 SK-MaSNL
005 20260331212319.0
007 sd cszc p
008 210212s1965 xr ppz g 0 0 slo
028 0 1 |a BIEM 013785  |b Supraphon 
028 1 3 |a D 01875/A A  |b Supraphon 
028 1 3 |a D 01876/A A  |b Supraphon 
028 0 1 |a F-09*60013  |b Supraphon 
040 |a SNK  |b slo  |c SNK  |e rda 
041 0 |a slo 
044 |a xr  |c CZ 
072 7 |a 78.011.26  |x Populárna hudba. Populárne piesne. Populárna tanečná hudba  |2 konspekt 
080 |a 78.03.011.26  |2 2011 
080 |a (086.72)  |2 2011 
100 1 |a Laiferová, Marcela,  |d 1945-  |4 sng  |9 100017 
245 0 0 |a Inzerát  |c Spieva Marcela Bujnová 
264 1 |a [ Praha]  |b Supraphon  |c [1965] 
264 4 |c ℗1965 
300 |a 1 gramofónová platňa  |c 18 cm 
336 |a hraná hudba  |b prm  |2 rdacontent 
337 |a audio  |b s  |2 rdamedia 
338 |a iný  |b z  |2 rdacarrier 
340 |a vinyl  |a rda 
344 |a analog  |c 45 ot/min  |g stereo  |2 rda 
500 |a Platňa obsahuje 2 piesne 
500 |a Názov prevzatý z prvej strany platne 
500 |a Miesto a rok vydania podľa vydavateľa 
650 0 7 |a populárna hudba  |2 SNKPH  |9 3428 
650 0 7 |a Popular music  |2 SNKPHeng  |9 90436 
655 7 |a gramofónové platne  |2 SNKPH  |9 74608 
655 7 |a Gramophone records  |2 SNKPHeng  |9 286457 
700 1 |a Charles, Ray,  |d 1930-2004  |4 cmp  |9 153256 
700 1 |a Brož, Miroslav,  |d 1922-1991  |4 cnd  |9 38218 
700 1 |a Laifer, Jaroslav,  |d 1930-1970  |4 cmp  |9 67026 
700 1 |a Hlubocký, Branislav  |4 lyr  |9 341305 
700 1 |a Lánik, Miloš,  |d 1931-1986  |4 lyr  |9 253510 
700 1 |a Laifer, Jaroslav,  |d 1930-1970  |4 cnd  |9 67026 
710 2 |a Tanečný orchester Československého rozhlasu  |4 prf  |9 34364 
710 2 |a Tanečný orchester J. Laifera  |4 prf  |9 402202 
740 0 2 |a Inzerát (Foxtrot)  |h zvukový záznam 
740 0 2 |a Kto mi povie (What I say) (Rock-twist)  |h zvukový záznam 
999 |c 653254  |d 655184 
952 |a SNK  |b SNK  |y PREZ  |7 0  |p 17A1419715  |o snk 45-93  |i snk1406/66  |0 0  |1 0  |4 0  |d 2021-02-12  |l 0  |r 2026-02-23 18:28:07  |w 2026-02-23 
952 |a SNKMST  |b SNKMST  |y PREZ  |7 0  |p 17A1419979  |o snk 45-93 D1  |i snk1407/66  |0 0  |1 0  |4 0  |d 2021-04-30  |l 0  |r 2026-02-23 18:28:07  |w 2026-02-23